Disertación leída en la Universidad de Salamanca en la solemne apertura del curso académico de 1868 a 1669 [i.e. 1869] / (Record no. 166812)

MARC details
000 -LEADER
campo de control de longitud fija 01170nam a2200241 i 4500
001 - NÚMERO DE CONTROL
campo de control 166812
003 - IDENTIFICADOR DE NÚMERO DE CONTROL
campo de control ES-MaACL
005 - FECHA Y HORA DE LA ÚLTIMA TRANSACCIÓN
campo de control 20251005063132.0
008 - DATOS DE LONGITUD FIJA--INFORMACIÓN GENERAL
campo de control de longitud fija 021219s1868 sp |||| | spa d
100 1# - ENTRADA PRINCIPAL--NOMBRE DE PERSONA
Nombre de persona Usoz y Río, Santiago,
Fechas asociadas al nombre 1815-1878
9 (RLIN) 173195
245 10 - MENCIÓN DEL TÍTULO
Título Disertación leída en la Universidad de Salamanca en la solemne apertura del curso académico de 1868 a 1669 [i.e. 1869] /
Mención de responsabilidad, etc. por D. Santiago Usoz y Río.
260 ## - PUBLICACIÓN, DISTRIBUCIÓN, ETC.
Lugar de publicación, distribución, etc. Salamanca :
Nombre del editor, distribuidor, etc. [s.n.],
Fecha de publicación, distribución, etc. 1868 (
Fabricante Est. Tip. de Oliva)
300 ## - DESCRIPCIÓN FÍSICA
Extensión 29, 20 p. ;
Dimensiones 31 cm.
505 8# - NOTA DE CONTENIDO CON FORMATO
Nota de contenido con formato Contiene además: Datos estadísticos [del distrito universitario de Salamanca] correspondientes al curso académico de 1866 a 1867 (20 p.).
530 ## - NOTA DISPONIBLE DE FORMULARIO FÍSICO ADICIONAL
Nota de formato físico adicional disponible Disponible en formato digital.
594 ## - Nota al título y mención de responsabilidad
Nota al título y mención de responsabilidad Tema, en p. 6: "Las lenguas antiguas griega y latina"
650 #4 - PUNTO DE ACCESO ADICIONAL DE MATERIA--TÉRMINO DE MATERIA
Término de materia o nombre geográfico como elemento de entrada Lengua latina.
9 (RLIN) 14291
650 #4 - PUNTO DE ACCESO ADICIONAL DE MATERIA--TÉRMINO DE MATERIA
Término de materia o nombre geográfico como elemento de entrada Lengua griega.
9 (RLIN) 14240
710 2# - ENTRADA AGREGADA--NOMBRE DE ENTIDAD CORPORATIVA
Nombre de entidad corporativa o nombre de jurisdicción como elemento de entrada Universidad de Salamanca.
9 (RLIN) 7275
852 ## - LOCALIZACIÓN
Ubicación ES-MaACL
Número de control de estantería T-657-F-1
Nota libre - Enc. hol., conservando cub. original
-- - Enc. en un vol. facticio
856 4# - LOCALIZACIÓN Y ACCESO ELECTRÓNICOS
Identificador Uniforme de Recursos <a href="http://hdl.handle.net/10366/97794 ">http://hdl.handle.net/10366/97794 </a>
Nota pública Repositorio Institucional de la Universidad de Salamanca
Holdings
Estatus retirado Estado de pérdida Estado de daño No para préstamo Colección Biblioteca de origen Biblioteca actual Ubicación en estantería Fecha de adquisición Total de préstamos Signatura topográfica completa Código de barras Visto por última vez Precio de reemplazo Tipo de ítem Koha
        Colección de folletos Biblioteca del Ateneo de Madrid Biblioteca del Ateneo de Madrid Depósito folletos 17/01/2008   T-657-F-1 1174964 23/02/2023 23/02/2023 Folleto